[Event "KUW-ch"]
[Site "Kuwait City"]
[Date "2024.01.22"]
[Round "1"]
[White "Alhashimi, Hashem"]
[Black "Aldaihani, Turki"]
[Result "0-1"]
[WhiteElo "1154"]
[BlackElo "1475"]
[PlyCount "67"]
[EventDate "2024.01.22"]
[EventType "swiss"]
[EventRounds "9"]
[EventCountry "KUW"]
[SourceTitle "CB07_2024"]
[SourceDate "2024.02.14"]
[SourceVersion "1"]
[SourceVersionDate "2024.02.14"]
[SourceQuality "1"]

1. e4 c6 2. Nf3 d5 3. exd5 cxd5 4. Bb5+ Nc6 5. 0-0 Nf6 6. d4 Bg4 7. h3 Bxf3 8. Qxf3 e6 9. Bf4 Qb6 10. Bxc6+ bxc6 11. Qc3 Rc8 12. Be5 Ne4 13. Qb3 f6 14. Qxb6 axb6 15. Bf4 c5 16. dxc5 Bxc5 17. Nc3 Nxc3 18. bxc3 Kf7 19. Rfe1 g5 20. Be3 Rc6 21. a4 Bxe3 22. Rxe3 Ra8 23. g3 Ke7 24. Kg2 Kd6 25. Rae1 e5 26. Ra1 Rc4 27. Kf3 Raxa4 28. Rxa4 Rxa4 29. Ke2 Re4 30. Rxe4 dxe4 31. Ke3 Kd5 32. Kd2 Kc4 33. h4 gxh4 34. gxh4 0-1